LIBRARY & INFORMATION CENTRE, KCAET, TAVANUR

ONLINE PUBLIC ACCESS CATALOGUE (OPAC)

Complete plays of Bernard Shaw / (Record no. 7906)

MARC details
000 -LEADER
fixed length control field 00357cam a2200145ua 4500
041 ## - LANGUAGE CODE
Language code of text/sound track or separate title eng
082 ## - DEWEY DECIMAL CLASSIFICATION NUMBER
Classification number 822
Item number BER/CO
100 ## - MAIN ENTRY--AUTHOR NAME
Personal name Shaw, Bernard .
245 ## - TITLE STATEMENT
Title Complete plays of Bernard Shaw /
260 ## - PUBLICATION, DISTRIBUTION, ETC. (IMPRINT)
Place of publication London :
Name of publisher Paul Hamlyn ,
Year of publication 1965.
300 ## - PHYSICAL DESCRIPTION
Number of Pages 1404 ; .
942 ## - ADDED ENTRY ELEMENTS (KOHA)
Koha item type Books
Holdings
Withdrawn status Lost status Damaged status Home library Current library Date acquired Full call number Accession Number Koha item type
Withdrawn     KAUAET Sanskrit University 07/04/2012 822 9939 Books
free website counter